| 000 | 00602nam a2200217 a 4500 | ||
|---|---|---|---|
| 001 | 3135 | ||
| 005 | 20140414131924.0 | ||
| 008 | 060201s19uu xx 00 eng d | ||
| 020 | _a0-590-47500-2 | ||
| 050 |
_aER _bW11 2003 |
||
| 100 | _aPreller, James | ||
| 245 |
_aWake me in spring / _cby James Preller ; illustrated by Jeffrey Scherer. |
||
| 260 |
_aNew York : _bScholastic, _c2003. |
||
| 300 | _ap. : ill. ; cm. | ||
| 440 | _aScholastic Reader, Level 2 | ||
| 650 |
_aBears _xFiction. |
||
| 650 |
_aMouse _xFiction. |
||
| 650 |
_aFriendship _xFiction. |
||
| 999 |
_c111928 _d111928 |
||